[Event "Titled Tuesday intern op 24th Sep Late"]
[Site "Chess.com INT"]
[Date "2024.09.24"]
[Round "3"]
[White "Dragomirescu, Robin Alexandru"]
[Black "Chen, Ryo"]
[Result "1-0"]
[WhiteElo "2347"]
[BlackElo "2421"]
[PlyCount "139"]
[EventDate "2024.09.24"]
[EventType "swiss (blitz)"]
[EventRounds "11"]
[EventCountry "USA"]
[SourceTitle "EXT 2025"]
[Source "ChessBase"]
[SourceDate "2024.10.14"]
[SourceVersion "1"]
[SourceVersionDate "2024.10.14"]
[SourceQuality "1"]

1. b3 Nf6 2. Bb2 g6 3. g3 Bg7 4. Bg2 0-0 5. Nf3 d6 6. d4 b5 7. 0-0 Bb7 8. c4 b4 9. a3 a5 10. axb4 axb4 11. Rxa8 Bxa8 12. Nbd2 c5 13. d5 Nbd7 14. e4 Re8 15. Qc2 e6 16. Ra1 Bb7 17. h3 exd5 18. exd5 Qb6 19. Ng5 Ra8 20. Rxa8+ Bxa8 21. Nge4 Bb7 22. Nxf6+ Nxf6 23. Ne4 Qd8 24. f4 Nxe4 25. Bxe4 Bxb2 26. Qxb2 Qe7 27. Bg2 Qe3+ 28. Kh2 Qc3 29. Qa2 Kg7 30. Qa7 Qxb3 31. Qxb7 Qxc4 32. Qe7 b3 33. Qxd6 Qc3 34. Qb6 c4 35. d6 Qd2 36. h4 b2 37. d7 Qxd7 38. Qxb2+ Kg8 39. Qc3 Qc7 40. Bd5 Qc5 41. Qxc4 Qf2+ 42. Bg2 Qe3 43. Qe4 Qa3 44. Qe8+ Kg7 45. Qe5+ Kg8 46. Qb8+ Kg7 47. Qe5+ Kg8 48. Qe1 h5 49. Qe5 Qb3 50. f5 Qb6 51. f6 Kh7 52. Bd5 Qf2+ 53. Kh3 Qf1+ 54. Bg2 Qc4 55. Qe7 Qg4+ 56. Kh2 Qe6 57. Qxe6 fxe6 58. Bh3 e5 59. Be6 g5 60. hxg5 Kg6 61. Kg2 h4 62. gxh4 e4 63. Kf2 e3+ 64. Kxe3 Kh5 65. f7 Kg6 66. f8Q Kh5 67. g6 Kxg6 68. Qf7+ Kh6 69. Qf6+ Kh5 70. Qg5# 1-0

[Event "Titled Tuesday intern op 24th Sep Late"]
[Site "Chess.com INT"]
[Date "2024.09.24"]
[Round "9"]
[White "Zhigalko, Sergei"]
[Black "Dragomirescu, Robin Alexandru"]
[Result "1-0"]
[WhiteElo "2572"]
[BlackElo "2347"]
[PlyCount "61"]
[EventDate "2024.09.24"]
[EventType "swiss (blitz)"]
[EventRounds "11"]
[EventCountry "USA"]
[SourceTitle "EXT 2025"]
[Source "ChessBase"]
[SourceDate "2024.10.14"]
[SourceVersion "1"]
[SourceVersionDate "2024.10.14"]
[SourceQuality "1"]

1. e4 e5 2. Nf3 Nc6 3. Bc4 Bc5 4. b4 Bxb4 5. c3 Be7 6. d4 Na5 7. Bd3 d6 8. dxe5 dxe5 9. Nxe5 Nf6 10. 0-0 0-0 11. Qc2 c5 12. Nd2 Qc7 13. f4 b6 14. c4 Nc6 15. Nxc6 Qxc6 16. e5 Bb7 17. Rf3 Rfd8 18. exf6 Bxf6 19. Bxh7+ Kf8 20. Be4 Rxd2 21. Qxd2 Qxe4 22. Bb2 Bxb2 23. Qxb2 Qxc4 24. Rh3 Kg8 25. Rg3 g6 26. Rh3 Qd4+ 27. Qxd4 cxd4 28. Rd1 Rc8 29. Rhd3 Be4 30. Rxd4 Bf5 31. Rd8+ 1-0

[Event "Titled Tuesday intern op 10th Sep Late"]
[Site "Chess,com INT"]
[Date "2024.09.10"]
[Round "2"]
[White "Dragomirescu, Robin Alexandru"]
[Black "Amburgy, Ryan"]
[Result "0-1"]
[WhiteElo "2347"]
[BlackElo "2221"]
[PlyCount "46"]
[EventDate "2024.09.10"]
[EventType "swiss (blitz)"]
[EventRounds "11"]
[EventCountry "USA"]
[SourceTitle "EXT 2025"]
[Source "ChessBase"]
[SourceDate "2024.10.14"]
[SourceVersion "1"]
[SourceVersionDate "2024.10.14"]
[SourceQuality "1"]

1. b3 e5 2. Bb2 Nc6 3. e3 Nf6 4. Nf3 Qe7 5. d4 exd4 6. Nxd4 g6 7. Nc3 Bg7 8. Be2 0-0 9. 0-0 d6 10. Re1 Bd7 11. Ndb5 Rac8 12. Bf3 a6 13. Nd4 Nxd4 14. exd4 Qd8 15. Bxb7 Rb8 16. Bxa6 Ng4 17. h3 Nxf2 18. Kxf2 Qh4+ 19. Kg1 Bxd4+ 20. Kh2 Rfe8 21. Bf1 Qf4+ 22. Kh1 Qf2 23. Bc4 Bc6 0-1

[Event "Titled Tuesday intern op 03rd Sep Late"]
[Site "Chess.com INT"]
[Date "2024.09.03"]
[Round "8"]
[White "Dragomirescu, Robin Alexandru"]
[Black "Lorenzo de la Riva, Lazaro"]
[Result "1/2-1/2"]
[WhiteElo "2347"]
[BlackElo "2415"]
[PlyCount "118"]
[EventDate "2024.09.03"]
[EventType "swiss (blitz)"]
[EventRounds "11"]
[EventCountry "USA"]
[SourceTitle "EXT 2025"]
[Source "ChessBase"]
[SourceDate "2024.10.14"]
[SourceVersion "1"]
[SourceVersionDate "2024.10.14"]
[SourceQuality "1"]

1. e4 e6 2. d3 d5 3. Nd2 c5 4. Ngf3 Nc6 5. g3 Bd6 6. Bg2 Nge7 7. 0-0 0-0 8. Qe2 f6 9. c3 Bc7 10. Re1 d4 11. cxd4 cxd4 12. a3 e5 13. b4 a5 14. b5 Na7 15. a4 Be6 16. Ba3 Bd6 17. Rec1 Bxa3 18. Rxa3 Nac8 19. Nc4 Nb6 20. Nfd2 Rc8 21. Raa1 Nd7 22. f4 b6 23. Rc2 Rc5 24. Rac1 Qb8 25. f5 Bf7 26. g4 g5 27. h4 h6 28. hxg5 hxg5 29. Kf2 Kg7 30. Rh1 Rh8 31. Rcc1 Rcc8 32. Bf3 Nc5 33. Nb2 Rxh1 34. Rxh1 Rh8 35. Qd1 Nc8 36. Rxh8 Kxh8 37. Qc1 Nd6 38. Bd1 Kg7 39. Nf3 Qh8 40. Kg2 Qg8 41. Nxg5 fxg5 42. Qxg5+ Kf8 43. Qd8+ Ne8 44. g5 Qh7 45. Qxb6 Nd7 46. Qc6 Qh4 47. Qxd7 Qxg5+ 48. Kf1 Qf4+ 49. Ke1 Qe3+ 50. Be2 Qg1+ 51. Kd2 Qb1 52. Nc4 Qa2+ 53. Ke1 Qa1+ 54. Kf2 Qc1 55. Qd8 Qf4+ 56. Ke1 Qc1+ 57. Kf2 Qf4+ 58. Kg2 Qh6 59. Kf2 Qf4+ 1/2-1/2

[Event "Titled Tuesday intern op 03rd Sep Late"]
[Site "Chess.com INT"]
[Date "2024.09.03"]
[Round "3"]
[White "Elier, Ali"]
[Black "Dragomirescu, Robin Alexandru"]
[Result "1-0"]
[WhiteElo "2160"]
[BlackElo "2347"]
[PlyCount "67"]
[EventDate "2024.09.03"]
[EventType "swiss (blitz)"]
[EventRounds "11"]
[EventCountry "USA"]
[SourceTitle "EXT 2025"]
[Source "ChessBase"]
[SourceDate "2024.10.14"]
[SourceVersion "1"]
[SourceVersionDate "2024.10.14"]
[SourceQuality "1"]

1. e4 Nc6 2. Nf3 f5 3. exf5 d5 4. d4 Bxf5 5. Bb5 e6 6. Ne5 Nge7 7. 0-0 a6 8. Nxc6 Nxc6 9. Bxc6+ bxc6 10. c4 Be7 11. cxd5 cxd5 12. Bf4 0-0 13. Nc3 c5 14. Re1 Qa5 15. dxc5 Bxc5 16. Rc1 h6 17. Nxd5 Bxf2+ 18. Kxf2 exd5 19. Kg1 Be4 20. Be5 Rae8 21. Qd4 Rf7 22. a3 Rfe7 23. Bd6 Re6 24. Bb4 Qd8 25. Re3 Qg5 26. g3 h5 27. Rc7 h4 28. Bc3 Rg6 29. Qa7 Qg4 30. Qd4 Rf8 31. h3 Qxg3+ 32. Rxg3 Rxg3+ 33. Kh2 Rf2+ 34. Qxf2 1-0

[Event "Titled Tuesday intern op 03rd Sep Late"]
[Site "Chess.com INT"]
[Date "2024.09.03"]
[Round "10"]
[White "Reprintsev, Alexander"]
[Black "Dragomirescu, Robin Alexandru"]
[Result "1-0"]
[WhiteElo "2230"]
[BlackElo "2347"]
[PlyCount "37"]
[EventDate "2024.09.03"]
[EventType "swiss (blitz)"]
[EventRounds "11"]
[EventCountry "USA"]
[SourceTitle "EXT 2025"]
[Source "ChessBase"]
[SourceDate "2024.10.14"]
[SourceVersion "1"]
[SourceVersionDate "2024.10.14"]
[SourceQuality "1"]

1. e4 Nc6 2. Nf3 f5 3. exf5 d5 4. Bb5 Bxf5 5. Ne5 Qd6 6. d4 Nf6 7. Bf4 Qb4+ 8. Nc3 Qxb2 9. Bd2 Qxc2 10. Qxc2 Bxc2 11. Nxc6 a6 12. Nb4+ axb5 13. Nxc2 c6 14. a4 bxa4 15. Rxa4 Rxa4 16. Nxa4 e6 17. Ke2 Kf7 18. Rb1 b6 19. Rxb6 1-0

[Event "Titled Tuesday intern op 20th Aug Late"]
[Site "Chess.com INT"]
[Date "2024.08.20"]
[Round "2"]
[White "Dragomirescu, Robin Alexandru"]
[Black "Nakamura, Hikaru"]
[Result "0-1"]
[WhiteElo "2347"]
[BlackElo "2802"]
[PlyCount "95"]
[EventDate "2024.08.20"]
[EventType "swiss (blitz)"]
[EventRounds "11"]
[EventCountry "USA"]
[SourceTitle "EXT 2025"]
[Source "ChessBase"]
[SourceDate "2024.10.14"]
[SourceVersion "1"]
[SourceVersionDate "2024.10.14"]
[SourceQuality "1"]

1. b3 c5 2. Bb2 d6 3. e4 Nc6 4. Bb5 Bd7 5. f4 Nf6 6. Nc3 g6 7. Nf3 Bg7 8. d3 0-0 9. 0-0 Nd4 10. Bxd7 Qxd7 11. Qd2 Rac8 12. h3 Nh5 13. Nxd4 cxd4 14. Ne2 e5 15. f5 Nf6 16. c4 dxc3 17. Nxc3 d5 18. fxg6 hxg6 19. Nxd5 Nxd5 20. exd5 Qxd5 21. Rae1 Rfd8 22. Qe2 Rc5 23. Qe4 Rc2 24. Rf2 Qxe4 25. Rxe4 Rxf2 26. Kxf2 Rxd3 27. Bxe5 Rd2+ 28. Kf3 Rxa2 29. Bxg7 Kxg7 30. Re7 b6 31. Rb7 g5 32. g3 Ra3 33. Kg2 Kg6 34. g4 f5 35. gxf5+ Kxf5 36. Rf7+ Ke4 37. Rf3 b5 38. Rg3 Kf5 39. Rf3+ Kg6 40. Kg3 a5 41. Kg4 a4 42. Rf5 Rxb3 43. Rxg5+ Kf6 44. Rg8 a3 45. Ra8 Rb4+ 46. Kg3 Ra4 47. Rf8+ Kg7 48. Rf7+ 0-1

[Event "Titled Tuesday intern op 20th Aug Late"]
[Site "Chess.com INT"]
[Date "2024.08.20"]
[Round "1"]
[White "Goganova, Yana"]
[Black "Dragomirescu, Robin Alexandru"]
[Result "0-1"]
[WhiteElo "1980"]
[BlackElo "2347"]
[PlyCount "98"]
[EventDate "2024.08.20"]
[EventType "swiss (blitz)"]
[EventRounds "11"]
[EventCountry "USA"]
[SourceTitle "EXT 2025"]
[Source "ChessBase"]
[SourceDate "2024.10.14"]
[SourceVersion "1"]
[SourceVersionDate "2024.10.14"]
[SourceQuality "1"]

1. e4 Nc6 2. Nf3 f5 3. exf5 d5 4. g4 h5 5. g5 Bxf5 6. Nh4 Qd7 7. Be2 0-0-0 8. d3 e5 9. Nc3 Bc5 10. Na4 Bd6 11. Be3 d4 12. Nxf5 Qxf5 13. Bxh5 Rxh5 14. Qxh5 dxe3 15. fxe3 e4 16. 0-0-0 exd3 17. Rxd3 Qe4 18. Rhd1 Qxa4 19. Kb1 Nge7 20. b3 Qe4 21. Qh3+ Kb8 22. c3 a5 23. Kc1 Rf8 24. R1d2 Ne5 25. Rd4 Ba3+ 26. Kd1 Qh1+ 27. Ke2 N7c6 28. Rd1 Nxd4+ 29. cxd4 Qf3+ 30. Qxf3 Nxf3 31. Rf1 Nxg5 32. Rg1 Ne4 33. h4 Rh8 34. Kd3 Rxh4 35. Rxg7 Nd6 36. Rg8+ Ka7 37. d5 Kb6 38. b4 Bxb4 39. Rg7 Bc5 40. a4 Rxa4 41. e4 Rxe4 42. Rg2 Rd4+ 43. Kc3 Rxd5 44. Rb2+ Kc6 45. Kb3 b5 46. Ka2 Rd4 47. Rc2 Ra4+ 48. Kb1 Nc4 49. Kc1 Ra1# 0-1

[Event "Titled Tuesday intern op 30th Jul Late"]
[Site "Chess.com INT"]
[Date "2024.07.30"]
[Round "3"]
[White "Demidov, Mikhail"]
[Black "Dragomirescu, Robin Alexandru"]
[Result "1-0"]
[WhiteElo "2549"]
[BlackElo "2347"]
[PlyCount "109"]
[EventDate "2024.07.30"]
[EventType "swiss (blitz)"]
[EventRounds "11"]
[EventCountry "USA"]
[SourceTitle "EXT 2025"]
[Source "ChessBase"]
[SourceDate "2024.10.14"]
[SourceVersion "1"]
[SourceVersionDate "2024.10.14"]
[SourceQuality "1"]

1. d4 d5 2. c4 e6 3. Nf3 Nf6 4. Nc3 Bb4 5. Bd2 0-0 6. e3 Nbd7 7. Rc1 c6 8. Bd3 a6 9. 0-0 b5 10. Nxd5 Nxd5 11. cxd5 Bxd2 12. Nxd2 cxd5 13. Qc2 Nf6 14. Qc7 Bd7 15. Nb3 b4 16. Qxd8 Rfxd8 17. Rc5 Rdb8 18. Rfc1 Kf8 19. f3 Ke7 20. Kf2 Ne8 21. Na5 Rb6 22. h4 h6 23. g4 Nd6 24. Kg3 Rc8 25. Kf4 f6 26. g5 hxg5+ 27. hxg5 Ra8 28. Rh1 Nf7 29. gxf6+ gxf6 30. Rh7 Rg8 31. e4 e5+ 32. dxe5 fxe5+ 33. Ke3 d4+ 34. Kf2 Rbg6 35. Bf1 Kf6 36. Rc7 Be6 37. Rc6 R8g7 38. Rxg7 Rxg7 39. Bc4 Ng5 40. Rxa6 Rh7 41. Bxe6 Nxe6 42. Nc6 Rh2+ 43. Kg3 Rxb2 44. Nd8 d3 45. Rxe6+ Kg7 46. Rd6 d2 47. Nc6 Rxa2 48. Nxb4 Rb2 49. Nc6 Rc2 50. Nxe5 Kf8 51. Kf4 Ke7 52. Rd5 Ke6 53. Ng4 Rb2 54. Ne3 Ra2 55. Nc4 1-0

[Event "Titled Tuesday intern op 30th Jul Late"]
[Site "Chess.com INT"]
[Date "2024.07.30"]
[Round "4"]
[White "Dragomirescu, Robin Alexandru"]
[Black "Wieczorek, Oskar"]
[Result "0-1"]
[WhiteElo "2347"]
[BlackElo "2491"]
[PlyCount "48"]
[EventDate "2024.07.30"]
[EventType "swiss (blitz)"]
[EventRounds "11"]
[EventCountry "USA"]
[SourceTitle "EXT 2025"]
[Source "ChessBase"]
[SourceDate "2024.10.14"]
[SourceVersion "1"]
[SourceVersionDate "2024.10.14"]
[SourceQuality "1"]

1. b3 Nf6 2. Bb2 g6 3. Bxf6 exf6 4. c4 d5 5. cxd5 Qxd5 6. Nc3 Qa5 7. g3 Ba3 8. Qc2 Bf5 9. e4 Be6 10. Nf3 Nc6 11. Bb5 0-0 12. Bxc6 bxc6 13. 0-0 Rad8 14. Kg2 Qh5 15. h4 Rd7 16. Rfe1 Rfd8 17. Re3 Bc5 18. d4 Bxd4 19. Nxd4 Rxd4 20. Na4 Rd2 21. Qxc6 Qg4 22. Rh1 Rxf2+ 23. Kxf2 Rd2+ 24. Kf1 Qd1+ 0-1

[Event "Titled Tuesday intern op 30th Jul Late"]
[Site "Chess.com INT"]
[Date "2024.07.30"]
[Round "6"]
[White "Golizadeh, Asghar"]
[Black "Dragomirescu, Robin Alexandru"]
[Result "1-0"]
[WhiteElo "2457"]
[BlackElo "2347"]
[PlyCount "91"]
[EventDate "2024.07.30"]
[EventType "swiss (blitz)"]
[EventRounds "11"]
[EventCountry "USA"]
[SourceTitle "EXT 2025"]
[Source "ChessBase"]
[SourceDate "2024.10.14"]
[SourceVersion "1"]
[SourceVersionDate "2024.10.14"]
[SourceQuality "1"]

1. d4 Nf6 2. c4 Nc6 3. Nf3 e6 4. Nc3 Bb4 5. Bd2 d6 6. d5 Bxc3 7. Bxc3 Nb8 8. e4 0-0 9. Bd3 Re8 10. 0-0 exd5 11. exd5 Ne4 12. Qc2 Nxc3 13. Bxh7+ Kh8 14. bxc3 Bg4 15. Be4 Nd7 16. Nd4 Nc5 17. Bf3 Qh4 18. Rae1 g6 19. h3 Bd7 20. Qd2 Kg7 21. Nb5 Bxb5 22. cxb5 Qf6 23. Rxe8 Rxe8 24. Re1 Rxe1+ 25. Qxe1 Qe5 26. Qxe5+ dxe5 27. Kf1 f5 28. Ke1 b6 29. Kd2 Kf6 30. Bd1 e4 31. Ke3 Ke5 32. c4 f4+ 33. Kd2 Kd4 34. Be2 Nd7 35. g3 Ne5 36. gxf4 Nxc4+ 37. Bxc4 Kxc4 38. f5 gxf5 39. h4 Kxd5 40. h5 Ke5 41. h6 Kf6 42. Ke3 Kg6 43. Kf4 Kxh6 44. Kxf5 Kg7 45. Kxe4 Kf6 46. Kd5 1-0

[Event "Titled Tuesday intern op 30th Jul Late"]
[Site "Chess.com INT"]
[Date "2024.07.30"]
[Round "10"]
[White "Goryachkina, Aleksandra"]
[Black "Dragomirescu, Robin Alexandru"]
[Result "1-0"]
[WhiteElo "2545"]
[BlackElo "2347"]
[PlyCount "79"]
[EventDate "2024.07.30"]
[EventType "swiss (blitz)"]
[EventRounds "11"]
[EventCountry "USA"]
[SourceTitle "EXT 2025"]
[Source "ChessBase"]
[SourceDate "2024.10.14"]
[SourceVersion "1"]
[SourceVersionDate "2024.10.14"]
[SourceQuality "1"]

1. e4 Nc6 2. Nc3 e5 3. Nf3 Bc5 4. Bc4 Nf6 5. d3 h6 6. h3 d6 7. Na4 Bb6 8. 0-0 0-0 9. a3 Be6 10. Bxe6 fxe6 11. c3 Qe7 12. b4 Kh7 13. Ra2 Qf7 14. Re1 Nh5 15. Nxb6 axb6 16. a4 Nf4 17. Kh2 Qg6 18. g3 Nh5 19. Re3 Qf7 20. b5 Ne7 21. Rae2 Nf6 22. d4 Qh5 23. Kg2 Nxe4 24. Qd3 d5 25. Nxe5 Ng6 26. Ng4 Rxa4 27. Rf3 Rxf3 28. Qxf3 Ra1 29. Rxe4 dxe4 30. Nf6+ gxf6 31. Qxh5 Rxc1 32. Qe2 f5 33. c4 Kg7 34. h4 Rc3 35. d5 exd5 36. cxd5 Rc5 37. Qb2+ Kf7 38. Qd4 Rxb5 39. d6 cxd6 40. Qc4+ 1-0

[Event "Titled Tuesday intern op 30th Jul Late"]
[Site "Chess.com INT"]
[Date "2024.07.30"]
[Round "5"]
[White "Jarocka, Liwia"]
[Black "Dragomirescu, Robin Alexandru"]
[Result "0-1"]
[WhiteElo "2228"]
[BlackElo "2347"]
[PlyCount "81"]
[EventDate "2024.07.30"]
[EventType "swiss (blitz)"]
[EventRounds "11"]
[EventCountry "USA"]
[SourceTitle "EXT 2025"]
[Source "ChessBase"]
[SourceDate "2024.10.14"]
[SourceVersion "1"]
[SourceVersionDate "2024.10.14"]
[SourceQuality "1"]

1. e4 Nc6 2. Nf3 f5 3. exf5 d5 4. d4 Bxf5 5. Bb5 e6 6. 0-0 Bd6 7. Re1 Nge7 8. Bg5 0-0 9. Bxc6 bxc6 10. c3 h6 11. Bh4 c5 12. Nbd2 Rb8 13. dxc5 Bxc5 14. Nb3 Bd6 15. Nbd4 Rxb2 16. Nxf5 Rxf5 17. Rxe6 Qd7 18. Re2 Rxe2 19. Qxe2 Ng6 20. Bg3 Nf4 21. Bxf4 Rxf4 22. Rd1 c6 23. g3 Re4 24. Qd3 Qf7 25. Nd4 Bc5 26. Rf1 Qf6 27. Rd1 Bb6 28. Qd2 h5 29. Re1 Bxd4 30. Rxe4 Bxf2+ 31. Qxf2 dxe4 32. Qxa7 Qxc3 33. Qa8+ Kh7 34. Qe8 Qa1+ 35. Kg2 Qxa2+ 36. Kg1 Qd5 37. Kf2 Qd2+ 38. Kg1 Qd1+ 39. Kf2 Qf3+ 40. Kg1 e3 41. Qe7 0-1

[Event "Titled Tuesday intern op 18th Jun Late"]
[Site "Chess.com INT"]
[Date "2024.06.18"]
[Round "4"]
[White "Dragomirescu, Robin Alexandru"]
[Black "Kavyev, Ruslan"]
[Result "1-0"]
[WhiteElo "2347"]
[BlackElo "2282"]
[PlyCount "131"]
[EventDate "2024.06.18"]
[EventType "swiss (blitz)"]
[EventRounds "11"]
[EventCountry "USA"]
[SourceTitle "EXT 2025"]
[Source "ChessBase"]
[SourceDate "2024.10.14"]
[SourceVersion "1"]
[SourceVersionDate "2024.10.14"]
[SourceQuality "1"]

1. b3 e5 2. Bb2 d6 3. e3 g6 4. d4 Bg7 5. Nf3 Nd7 6. Nc3 Ne7 7. Qd2 c6 8. h4 h6 9. dxe5 dxe5 10. h5 g5 11. 0-0-0 Qa5 12. Ne4 Qxd2+ 13. Rxd2 Nb6 14. Bxe5 Bxe5 15. Nxe5 Be6 16. Nc5 Ned5 17. c4 Nf6 18. Nxb7 Ke7 19. Nc5 Bf5 20. Nxc6+ Kf8 21. Nd4 Bg4 22. Be2 Bxe2 23. Rxe2 Rc8 24. Nd3 Ne4 25. Nf5 a5 26. f3 Nc5 27. Nxc5 Rxc5 28. e4 a4 29. Rd1 Ke8 30. Rd6 Nd7 31. Rxh6 Rxh6 32. Nxh6 axb3 33. axb3 Ne5 34. Kd2 Ra5 35. Nf5 Ra2+ 36. Ke3 Ra3 37. Kd4 Nc6+ 38. Kc5 Ne5 39. Kb4 Ra7 40. h6 Kf8 41. Rd2 Rb7+ 42. Kc3 f6 43. Rd6 Kf7 44. Ra6 Rc7 45. Ra8 Kg6 46. Rg8+ Kh5 47. Rg7 Rc8 48. h7 Rh8 49. c5 g4 50. f4 Ng6 51. Ng3+ Kh6 52. Nf5+ Kh5 53. g3 Rc8 54. b4 Rh8 55. b5 Nf8 56. Rg8 Rxh7 57. Rxf8 Rd7 58. Rh8+ Kg6 59. Rh6+ Kf7 60. Rh7+ Kg6 61. Rxd7 Kh5 62. c6 Kg6 63. c7 Kh5 64. c8Q Kg6 65. Qg8+ Kh5 66. Rh7# 1-0

[Event "Titled Tuesday intern op 21st May Late"]
[Site "Chess.com INT"]
[Date "2024.05.21"]
[Round "7"]
[White "Dragomirescu, Robin Alexandru"]
[Black "Hungaski, Robert Andrew"]
[Result "1/2-1/2"]
[WhiteElo "2347"]
[BlackElo "2471"]
[PlyCount "251"]
[EventDate "2024.05.21"]
[EventType "swiss (blitz)"]
[EventRounds "11"]
[EventCountry "USA"]
[SourceTitle "CBM 220 Extra"]
[Source "ChessBase"]
[SourceDate "2024.07.31"]
[SourceVersion "1"]
[SourceVersionDate "2024.07.31"]
[SourceQuality "1"]

1. a3 d5 2. Nf3 e6 3. b4 a5 4. b5 Nf6 5. Bb2 c5 6. e3 b6 7. g3 Bb7 8. Bg2 Nbd7 9. 0-0 Qc7 10. d3 g6 11. Nbd2 Bg7 12. e4 0-0 13. Qe2 e5 14. exd5 Nxd5 15. Nc4 Rae8 16. Ng5 f5 17. h4 h6 18. Nh3 Re7 19. Rae1 Rfe8 20. Kh2 Nf8 21. a4 Nd7 22. Qd2 Kh7 23. h5 gxh5 24. Bf3 N7f6 25. Kg1 Ng4 26. Bg2 Bf6 27. f3 Kg7 28. fxg4 hxg4 29. Nf2 h5 30. Nd1 Qd7 31. Qf2 Kg6 32. Nde3 Nxe3 33. Nxe3 Bxg2 34. Kxg2 f4 35. gxf4 exf4 36. Bxf6 f3+ 37. Kg1 Kxf6 38. Qh4+ Kg6 39. Nc4 Qd4+ 40. Kh1 Rxe1 41. Rxe1 Rxe1+ 42. Qxe1 Qf6 43. Ne3 Kg5 44. Qg3 Qd4 45. Nf1 Qa1 46. Qf2 Kf4 47. Qe3+ Kf5 48. Qe4+ Kf6 49. Kg1 Qd4+ 50. Qxd4+ cxd4 51. Ng3 Kg5 52. Ne4+ Kf4 53. c4 dxc3 54. Nxc3 g3 55. Nd5+ Kg4 56. Nxb6 h4 57. Nd5 h3 58. Ne3+ Kf4 59. Nf1 h2+ 60. Nxh2 gxh2+ 61. Kxh2 Ke3 62. b6 f2 63. b7 f1Q 64. b8Q Qf2+ 65. Kh3 Qf1+ 66. Kh4 Qh1+ 67. Kg4 Qf3+ 68. Kg5 Qg2+ 69. Kf5 Qf3+ 70. Ke6 Qg4+ 71. Kd5 Qxa4 72. Qe5+ Kxd3 73. Kc5 Qb4+ 74. Kc6 a4 75. Qg3+ Kc2 76. Qf2+ Kb3 77. Qg1 Qc3+ 78. Kb5 Qc4+ 79. Ka5 Qb4+ 80. Ka6 Qc4+ 81. Ka5 Qc3+ 82. Ka6 a3 83. Qb1+ Qb2 84. Qd3+ Ka2 85. Qc4+ Qb3 86. Qe2+ Ka1 87. Qe5+ Kb1 88. Qe4+ Qc2 89. Qb4+ Ka2 90. Ka5 Qc7+ 91. Ka6 Qc8+ 92. Ka7 Qd7+ 93. Ka6 Qc6+ 94. Ka7 Qd7+ 95. Ka6 Qe6+ 96. Ka7 Qb3 97. Qd2+ Qb2 98. Qd5+ Ka1 99. Qd1+ Qb1 100. Qd4+ Ka2 101. Qd5+ Qb3 102. Qd2+ Qb2 103. Qd5+ Kb1 104. Qd1+ Qc1 105. Qb3+ Ka1 106. Ka6 Qc6+ 107. Ka7 Qc5+ 108. Ka6 Qd6+ 109. Ka7 Qe7+ 110. Ka6 Qf6+ 111. Ka7 Qd4+ 112. Ka6 a2 113. Ka5 Qd2+ 114. Ka6 Qe2+ 115. Ka7 Qf2+ 116. Ka6 Qe2+ 117. Ka5 Qe5+ 118. Ka6 Qd6+ 119. Ka5 Qc5+ 120. Ka6 Qc1 121. Ka5 Qb2 122. Qd1+ Qb1 123. Qd4+ Qb2 124. Qd1+ Qb1 125. Qd4+ Qb2 126. Qd1+ 1/2-1/2

[Event "Titled Tuesday intern op 21st May Late"]
[Site "Chess.com INT"]
[Date "2024.05.21"]
[Round "4"]
[White "Dragomirescu, Robin Alexandru"]
[Black "Lobanov, Sergei"]
[Result "0-1"]
[WhiteElo "2347"]
[BlackElo "2506"]
[PlyCount "110"]
[EventDate "2024.05.21"]
[EventType "swiss (blitz)"]
[EventRounds "11"]
[EventCountry "USA"]
[SourceTitle "CBM 220 Extra"]
[Source "ChessBase"]
[SourceDate "2024.07.31"]
[SourceVersion "1"]
[SourceVersionDate "2024.07.31"]
[SourceQuality "1"]

1. b3 d5 2. Bb2 Bf5 3. e3 e6 4. Nf3 h6 5. c4 Nf6 6. Nc3 Be7 7. d4 0-0 8. Bd3 Ne4 9. Bxe4 Bxe4 10. Nxe4 dxe4 11. Nd2 f5 12. 0-0 Nd7 13. f3 exf3 14. Qxf3 c6 15. Rae1 Bb4 16. Re2 Nf6 17. Nb1 Ne4 18. a3 Ba5 19. b4 Bc7 20. Nd2 Qd7 21. g3 Ng5 22. Qg2 b5 23. Rc1 Bb6 24. h4 Nh7 25. Nf3 bxc4 26. Ne5 Qd5 27. Nxc6 Rfe8 28. Ne5 Rac8 29. Rec2 Nf6 30. Rxc4 Rxc4 31. Rxc4 Ne4 32. g4 f4 33. exf4 Rf8 34. f5 exf5 35. gxf5 Qxe5 36. Qg6 Qf4 37. Rc2 Qe3+ 38. Kh2 Bxd4 39. Bxd4 Qxd4 40. Qe6+ Kh8 41. Rg2 Qd6+ 42. Qxd6 Nxd6 43. Rg6 Nxf5 44. Ra6 Rf7 45. Kh3 h5 46. b5 Kh7 47. a4 Rc7 48. a5 Rc5 49. b6 axb6 50. axb6 Rc3+ 51. Kh2 Rb3 52. Ra5 g6 53. Ra7+ Kh6 54. b7 Nxh4 55. Ra3 Rxb7 0-1

[Event "Titled Tuesday intern op 07th May Late"]
[Site "Chess.com INT"]
[Date "2024.05.07"]
[Round "2"]
[White "Bluebaum, Matthias"]
[Black "Dragomirescu, Robin Alexandru"]
[Result "1-0"]
[WhiteElo "2647"]
[BlackElo "2347"]
[PlyCount "97"]
[EventDate "2024.05.07"]
[EventType "swiss (blitz)"]
[EventRounds "11"]
[EventCountry "USA"]
[SourceTitle "EXT 2025"]
[Source "ChessBase"]
[SourceDate "2024.10.14"]
[SourceVersion "1"]
[SourceVersionDate "2024.10.14"]
[SourceQuality "1"]

1. d4 d5 2. c4 c6 3. Nf3 Nf6 4. Nc3 e6 5. Qc2 Nbd7 6. cxd5 exd5 7. Bg5 Be7 8. e3 Nh5 9. Bxe7 Qxe7 10. 0-0-0 Nhf6 11. Bd3 0-0 12. Kb1 Re8 13. Nd2 b5 14. Rhg1 Nb6 15. Rge1 b4 16. Na4 Nxa4 17. Qxa4 Qd6 18. f3 Bd7 19. Qc2 a5 20. g4 g6 21. h4 a4 22. Qc5 Qxc5 23. dxc5 Kg7 24. Nf1 Re7 25. Bc2 Be8 26. Rd4 Rb7 27. Ng3 Nd7 28. e4 Nxc5 29. exd5 cxd5 30. Rxd5 Rc8 31. Rxc5 Rxc5 32. Rxe8 b3 33. axb3 axb3 34. Bd1 Rd5 35. Re1 f5 36. gxf5 gxf5 37. Nh5+ Kf7 38. Nf4 Rd2 39. Ne2 Rb4 40. Nc1 Rh2 41. Bxb3+ Kg6 42. Rg1+ Kf6 43. Rg8 Rhxh4 44. Bc2 Rhf4 45. Nd3 h5 46. Nxb4 Rxb4 47. Rf8+ Kg7 48. Rxf5 h4 49. Rh5 1-0

[Event "Titled Tuesday intern op 07th May Late"]
[Site "Chess.com INT"]
[Date "2024.05.07"]
[Round "3"]
[White "Dragomirescu, Robin Alexandru"]
[Black "Asish, Panda"]
[Result "1-0"]
[WhiteElo "2347"]
[BlackElo "1882"]
[PlyCount "93"]
[EventDate "2024.05.07"]
[EventType "swiss (blitz)"]
[EventRounds "11"]
[EventCountry "USA"]
[SourceTitle "EXT 2025"]
[Source "ChessBase"]
[SourceDate "2024.10.14"]
[SourceVersion "1"]
[SourceVersionDate "2024.10.14"]
[SourceQuality "1"]

1. b3 d5 2. Bb2 Nf6 3. Nf3 e6 4. e3 Be7 5. c4 0-0 6. Nc3 c5 7. cxd5 Nxd5 8. Nxd5 exd5 9. Be2 Nc6 10. 0-0 d4 11. Re1 d3 12. Bf1 Nb4 13. Ne5 Bf6 14. a3 Nc2 15. Nxd3 Nxe1 16. Qxe1 Bf5 17. Bxf6 Qxf6 18. Nxc5 b6 19. Na4 Rfe8 20. Nc3 Rad8 21. b4 Bd3 22. Ra2 Re7 23. f4 Red7 24. g3 Bxf1 25. Kxf1 Qe6 26. Rc2 Qb3 27. Qc1 h5 28. Ne2 Qd5 29. Kf2 Qe4 30. Rc4 Qe6 31. Nd4 Qg6 32. Qc2 Qg4 33. Qd3 Qh3 34. Kg1 h4 35. Qf1 Qg4 36. Kg2 h3+ 37. Kf2 Qh5 38. Qh1 Qg6 39. Qf1 Qh5 40. Rc3 Re8 41. Qe2 Qd5 42. Qf3 Qa2 43. Rc2 Qb1 44. Qc6 Rde7 45. Nf5 Re6 46. Qc3 Qh1 47. Qxg7# 1-0